Normal view
MARC view
- Sharma, Manish Kumar
Entry Personal Name
001 - CONTROL NUMBER
- control field: 5018
003 - CONTROL NUMBER IDENTIFIER
- control field: OSt
005 - DATE AND TIME OF LATEST TRANSACTION
- control field: 20210914123233.0
008 - FIXED-LENGTH DATA ELEMENTS
- fixed length control field: 210914|| aca||aabn | a|a d
040 ## - CATALOGING SOURCE
- Original cataloging agency: OSt
- Transcribing agency: OSt
100 ## - HEADING--PERSONAL NAME
- Personal name: Sharma, Manish Kumar
670 ## - SOURCE DATA FOUND
- Source citation: Work cat.: (OSt)17417: Sharma, Manish Kumar , Computers In Agriculture, 2017
